[Event "TCh-CHN 2019"]
[Site "China CHN"]
[Date "2019.04.11"]
[Round "3.4"]
[Board "4"]
[White "Zatonskih, Anna"]
[Black "Ren, Xiaoyi"]
[Result "1-0"]
[WhiteTitle "IM"]
[WhiteElo "2420"]
[BlackElo "2253"]
[WhiteTeam "Zhihui Sports chess team of Tianjin"]
[BlackTeam "Chengdu Beilei Youth Chess Club"]
[WhiteFideId "14101572"]
[BlackFideId "8608709"]
[EventDate "2019.04.09"]

1. d4 Nf6 2. c4 g6 3. Nc3 Bg7 4. e4 d6 5. Be2 O-O 6. Nf3 e5 7. O-O Nc6 8. d5 Ne7
9. Ne1 Ne8 10. Nd3 f5 11. Bd2 Nf6 12. f3 f4 13. c5 Ne8 14. Qb3 g5 15. Rac1 Rf7
16. Nb5 h5 17. Nf2 Ng6 18. Rc2 Nh4 19. cxd6 cxd6 20. Rfc1 a6 21. Na7 Bd7 22. Nc6
bxc6 23. dxc6 Bc8 24. Bc4 Ra7 25. c7 Rxc7 26. Bxf7+ Rxf7 27. Rxc8 Qe7 28. Ba5
Kh7 29. Bd8 Qd7 30. Bxg5 Bf6 31. Bxf6 Rxf6 32. Nd3 Nxf3+ 33. Kh1 Nh4 34. Ne1 f3
35. Nxf3 Qg4 36. Qb7+ Ng7 37. Nxh4 Qxh4 38. Qd5 Rf2 39. Qg8+ Kg6 40. R8c3 1-0

[Event "TCh-CHN 2019"]
[Site "China CHN"]
[Date "2019.04.11"]
[Round "3.4"]
[Board "5"]
[White "Xiao, Yiyi"]
[Black "Koneru, Humpy"]
[Result "0-1"]
[WhiteTitle "WFM"]
[BlackTitle "GM"]
[WhiteElo "2306"]
[BlackElo "2574"]
[WhiteTeam "Zhihui Sports chess team of Tianjin"]
[BlackTeam "Chengdu Beilei Youth Chess Club"]
[WhiteFideId "8606161"]
[BlackFideId "5008123"]
[EventDate "2019.04.09"]

1. d4 Nf6 2. c4 e6 3. g3 d5 4. Bg2 Bb4+ 5. Nd2 O-O 6. Nf3 dxc4 7. Qc2 a5 8. O-O
b5 9. a4 c6 10. e4 Be7 11. b3 cxb3 12. Nxb3 bxa4 13. Nc5 Na6 14. Rd1 Nb4 15.
Qxa4 Bxc5 16. dxc5 Qe7 17. Ba3 Rb8 18. Qxa5 Nc2 19. Nd4 Nxd4 20. Rxd4 Rb5 21.
Qd2 e5 22. Rd6 Qb7 23. Rd1 Bg4 24. Re1 Nd7 25. h3 Be6 26. f4 Rb3 27. Re3 Rxe3
28. Qxe3 Ra8 29. Kh2 h6 30. Qd3 Ra7 31. f5 Bc4 32. Qc3 Qa6 33. Bb2 Kh7 34. f6
Nxf6 35. Qxe5 Be6 36. Qf4 Ne8 37. Rd8 Ra8 38. Qd2 Rxd8 39. Qxd8 Qe2 40. Bc3 Nc7
41. Be5 Bxh3 42. Kxh3 Qh5+ 43. Qh4 Qxe5 44. Kh2 Ne6 45. Qe7 Qh5+ 46. Kg1 Qxc5+
47. Qxc5 Nxc5 48. e5 Kg6 49. Bxc6 Kf5 50. Be8 Ke6 51. Kg2 Nd7 0-1

[Event "TCh-CHN 2019"]
[Site "China CHN"]
[Date "2019.04.11"]
[Round "3.5"]
[Board "2"]
[White "Lan, Zilun"]
[Black "Ni, Hua"]
[Result "1/2-1/2"]
[BlackTitle "GM"]
[WhiteElo "2313"]
[BlackElo "2669"]
[WhiteTeam "Zhejiang team"]
[BlackTeam "China Mobil Shanghai Chess Club"]
[WhiteFideId "8604193"]
[BlackFideId "8601160"]
[EventDate "2019.04.09"]

1. d4 Nf6 2. c4 g6 3. Nc3 Bg7 4. e4 d6 5. f3 O-O 6. Be3 Nc6 7. Qd2 a6 8. Nge2
Rb8 9. Nc1 e5 10. d5 Nd4 11. N1e2 Nxe2 12. Bxe2 Nh5 13. O-O-O f5 14. Kb1 Qe7 15.
Rc1 Kh8 16. Bd3 Nf4 17. exf5 gxf5 18. Bxf4 exf4 19. Qxf4 c5 20. Rhe1 Qf6 21. Qe3
b5 22. cxb5 axb5 23. Qe7 Qd4 24. Bc2 b4 25. Qxd6 Bd7 26. Rcd1 Qh4 27. Ne2 Rfd8
28. g3 b3 29. Bxb3 Qxh2 30. Qxc5 f4 31. g4 Be8 32. Qc2 Bg6 33. Qxg6 hxg6 34. Rh1
Qxh1 35. Rxh1+ Kg8 36. Nxf4 Kf7 37. Ne6 Rh8 38. Rc1 Be5 39. f4 Bd6 40. f5 gxf5
41. gxf5 Kf6 42. Nd4 Bf4 43. Re1 Rbe8 44. Ne6 Rh2 45. a4 Be5 46. Bc2 Rc8 47. Rc1
Rb8 48. b3 Rxb3+ 49. Bxb3 Rb2+ 50. Ka1 Rc2+ 51. Kb1 Rb2+ 52. Ka1 1/2-1/2

[Event "TCh-CHN 2019"]
[Site "China CHN"]
[Date "2019.04.11"]
[Round "3.5"]
[Board "3"]
[White "Lu, Shanglei"]
[Black "Xu, Yi"]
[Result "1/2-1/2"]
[WhiteTitle "GM"]
[BlackTitle "GM"]
[WhiteElo "2612"]
[BlackElo "2542"]
[WhiteTeam "Zhejiang team"]
[BlackTeam "China Mobil Shanghai Chess Club"]
[WhiteFideId "8603332"]
[BlackFideId "8605564"]
[EventDate "2019.04.09"]

1. e4 e5 2. Nf3 Nf6 3. Nc3 Nc6 4. a3 d5 5. Bb5 Nxe4 6. Qe2 Qd6 7. Nxe4 dxe4 8.
Qxe4 Bd7 9. O-O O-O-O 10. d3 f6 11. b4 g6 12. Bb2 Bg7 13. Rfe1 Rhe8 14. Nd2 Qf8
15. Nb3 a6 16. Bc4 f5 17. Qe3 Nd4 18. Bxd4 exd4 19. Qh3 h5 20. Nc5 Rxe1+ 21.
Rxe1 Re8 22. Rxe8+ Qxe8 23. Kf1 Bf8 24. Nb3 Qe5 25. Qg3 Qf6 26. Qf4 Bg7 27. h4
Bb5 28. Bd5 b6 29. g3 Bc6 30. Qf3 Bb5 31. Qf4 Ba4 32. Bc4 Kb7 33. Bd5+ Bc6 1/2-1/2

[Event "TCh-CHN 2019"]
[Site "China CHN"]
[Date "2019.04.11"]
[Round "3.5"]
[Board "4"]
[White "Ju, Wenjun"]
[Black "Ding, Yixin"]
[Result "1-0"]
[WhiteTitle "GM"]
[BlackTitle "WGM"]
[WhiteElo "2580"]
[BlackElo "2439"]
[WhiteTeam "China Mobil Shanghai Chess Club"]
[BlackTeam "Zhejiang team"]
[WhiteFideId "8603006"]
[BlackFideId "8602972"]
[EventDate "2019.04.09"]

1. e4 c5 2. Nf3 Nc6 3. Bb5 g6 4. Bxc6 bxc6 5. O-O Bg7 6. Re1 Nh6 7. c3 O-O 8. h3
d5 9. d3 f6 10. Qa4 Qb6 11. exd5 cxd5 12. Rxe7 Be6 13. b4 cxb4 14. Be3 Qd6 15.
Qxb4 Qxb4 16. cxb4 Bf5 17. Rxa7 Bxd3 18. Nc3 Bc4 19. b5 Nf5 20. Bc5 Rfd8 21.
Rxa8 Rxa8 22. g4 Rc8 23. b6 Ba6 24. Na4 Nh6 25. Rb1 Bb7 26. Nd4 f5 27. Ne6 Be5
28. Re1 Nf7 29. Bd4 Bb8 30. Nac5 Bc6 31. gxf5 Re8 32. f6 Ng5 33. Kg2 Ne4 34. Re3
h6 35. f3 Nd6 36. Re1 Nf5 37. Bf2 d4 38. a4 Kf7 39. a5 d3 40. a6 Bd5 41. a7 d2
42. Rd1 Bd6 43. Rxd2 Bxe6 44. Nxe6 Kxe6 45. Re2+ Be5 46. b7 Kd5 1-0

[Event "TCh-CHN 2019"]
[Site "China CHN"]
[Date "2019.04.11"]
[Round "3.5"]
[Board "5"]
[White "Ni, Shiqun"]
[Black "Zhu, Jiner"]
[Result "1/2-1/2"]
[WhiteTitle "WGM"]
[BlackTitle "WIM"]
[WhiteElo "2389"]
[BlackElo "2461"]
[WhiteTeam "China Mobil Shanghai Chess Club"]
[BlackTeam "Zhejiang team"]
[WhiteFideId "8608466"]
[BlackFideId "8608059"]
[EventDate "2019.04.09"]

1. e4 c5 2. Nf3 d6 3. Bb5+ Bd7 4. Bxd7+ Qxd7 5. c4 Nf6 6. Nc3 g6 7. d4 cxd4 8.
Nxd4 Bg7 9. h3 Nc6 10. Be3 O-O 11. O-O Rfc8 12. b3 Qd8 13. Rc1 Qa5 14. Nxc6 Rxc6
15. Bd4 Rac8 16. Nb5 Ra8 17. Qe2 a6 18. Bc3 Qb6 19. Nd4 Rc5 20. Nf3 Nh5 21. Qe3
Bxc3 22. Rxc3 Qa5 23. Rc2 Rac8 24. Rfc1 b5 25. Nd2 e5 26. g3 Ng7 27. Qd3 Ne6 28.
Nf3 bxc4 29. bxc4 R8c6 30. Rc3 Kg7 31. Kg2 Qd8 32. Rb1 h5 33. h4 Qc8 34. Rbc1
Ra5 35. Qc2 f5 36. exf5 gxf5 37. Qd2 Rac5 38. Ng5 Nd4 39. Nf3 Ne6 40. Ng5 Nd4
41. Nf3 1/2-1/2

[Event "TCh-CHN 2019"]
[Site "China CHN"]
[Date "2019.04.11"]
[Round "3.6"]
[Board "1"]
[White "Yuan, Qingyu"]
[Black "Lin, Yi"]
[Result "1/2-1/2"]
[BlackTitle "IM"]
[WhiteElo "2372"]
[BlackElo "2415"]
[WhiteTeam "Beijing team"]
[BlackTeam "Hangzhou Hongda team"]
[WhiteFideId "8609772"]
[BlackFideId "8609659"]
[EventDate "2019.04.09"]

1. d4 Nf6 2. c4 g6 3. Nc3 d5 4. cxd5 Nxd5 5. e4 Nxc3 6. bxc3 Bg7 7. Nf3 c5 8.
Rb1 O-O 9. Be2 b6 10. O-O Bb7 11. Qd3 Ba6 12. Qe3 Bxe2 13. Qxe2 Qc8 14. d5 Bxc3
15. e5 Qa6 16. Qc2 Bd4 17. Nxd4 cxd4 18. Bh6 Rd8 19. e6 Qb7 20. exf7+ Kxf7 21.
Rb5 a6 22. Qe4 axb5 23. Qe6+ Ke8 24. Qg8+ Kd7 25. Qe6+ Ke8 26. Qg8+ Kd7 27. Qe6+ 1/2-1/2

[Event "TCh-CHN 2019"]
[Site "China CHN"]
[Date "2019.04.11"]
[Round "3.6"]
[Board "3"]
[White "Wang, Yiye"]
[Black "Xiang, Zeyu"]
[Result "1/2-1/2"]
[WhiteTitle "IM"]
[BlackTitle "IM"]
[WhiteElo "2444"]
[BlackElo "2446"]
[WhiteTeam "Beijing team"]
[BlackTeam "Hangzhou Hongda team"]
[WhiteFideId "8606021"]
[BlackFideId "8608547"]
[EventDate "2019.04.09"]

1. Nf3 Nf6 2. c4 e6 3. g3 d5 4. Bg2 d4 5. O-O c5 6. e3 Nc6 7. exd4 cxd4 8. d3
Bd6 9. Bg5 h6 10. Bxf6 Qxf6 11. Nbd2 Qe7 12. a3 a5 13. Ne4 Bc7 14. b4 axb4 15.
axb4 Rxa1 16. Qxa1 f5 17. Nc5 Nxb4 18. Qa4+ Kf7 19. Qxb4 Bd6 20. Ne5+ Bxe5 21.
Qb5 Bd6 22. Nb3 Bd7 23. Qb6 Ba4 24. Nxd4 Bc5 25. Qb2 Bxd4 26. Qxd4 Rd8 27. Qe3
Bc6 28. Bxc6 bxc6 29. Rb1 c5 30. Rb5 Qd6 31. Rxc5 Qxd3 32. Rc7+ Kf6 1/2-1/2

[Event "TCh-CHN 2019"]
[Site "China CHN"]
[Date "2019.04.11"]
[Round "3.6"]
[Board "4"]
[White "Zhou, Zirun"]
[Black "Song, Yuxin"]
[Result "0-1"]
[BlackTitle "WIM"]
[WhiteElo "2124"]
[BlackElo "2299"]
[WhiteTeam "Hangzhou Hongda team"]
[BlackTeam "Beijing team"]
[WhiteFideId "8610975"]
[BlackFideId "8614300"]
[EventDate "2019.04.09"]

1. d4 Nf6 2. c4 e6 3. g3 d5 4. Bg2 Bb4+ 5. Bd2 Be7 6. Nf3 O-O 7. O-O Nbd7 8. Qc2
c6 9. Bf4 b6 10. cxd5 cxd5 11. Rc1 Ba6 12. Nc3 Nh5 13. Bd2 Rc8 14. Qa4 Nb8 15.
e3 Nf6 16. Nb5 Qd7 17. Bf1 Ne4 18. Ne5 Qb7 19. Be1 Nd6 20. Bb4 Bxb5 21. Bxb5
Nxb5 22. Bxe7 Nxd4 23. Qxd4 Qxe7 24. Rc3 Rxc3 25. Qxc3 Qc5 26. Qxc5 bxc5 27. Rc1
Rc8 28. Rc3 f6 29. Nd3 Nd7 30. Ra3 Rc7 31. Nf4 Kf7 32. Ra6 Nb6 33. a4 g5 34. Nd3
c4 35. Nb4 Rb7 36. Nc6 Kg6 37. Nxa7 Nd7 38. Nb5 Nc5 39. Ra8 Rb6 40. Nc3 Rxb2 41.
a5 Rb3 42. a6 Nxa6 43. Nxd5 exd5 44. Rxa6 Kf5 45. Kg2 Ke4 46. Rxf6 c3 47. Rc6
Kd3 48. Rd6 c2 49. Rxd5+ Kc4 0-1

[Event "TCh-CHN 2019"]
[Site "China CHN"]
[Date "2019.04.11"]
[Round "3.6"]
[Board "5"]
[White "Zhao, Shengxin"]
[Black "Wang, Yu A."]
[Result "1-0"]
[WhiteTitle "WFM"]
[BlackTitle "IM"]
[WhiteElo "2093"]
[BlackElo "2293"]
[WhiteTeam "Hangzhou Hongda team"]
[BlackTeam "Beijing team"]
[WhiteFideId "8608040"]
[BlackFideId "8601097"]
[EventDate "2019.04.09"]

1. d4 d5 2. c4 c5 3. cxd5 Qxd5 4. Nf3 cxd4 5. Nc3 Qa5 6. Nxd4 Nf6 7. Nb3 Qc7 8.
g3 e5 9. Bg2 Bb4 10. O-O Bxc3 11. bxc3 O-O 12. Qc2 Be6 13. Rd1 Nc6 14. Nc5 Rfe8
15. Rb1 Rab8 16. Qa4 Nd7 17. Nxe6 Rxe6 18. Bh3 Rd6 19. Rxd6 Qxd6 20. Be3 Nc5 21.
Bxc5 Qxc5 22. Bg2 b5 23. Bxc6 Qxc6 24. Qxa7 Rc8 25. Qa5 h6 26. Rb3 Kh7 27. h4 f6
28. h5 Qe8 29. Qxb5 Qxh5 30. Qd3+ f5 31. Rb5 Re8 32. Qe3 f4 33. Qe4+ Kh8 34. Kg2
fxg3 35. fxg3 Qg5 36. Ra5 Qd2 37. Ra8 Rxa8 38. Qxa8+ Kh7 39. Qe4+ Kg8 40. Qc4+
Kf8 41. a4 Qe3 42. a5 h5 43. Qd3 Qa7 44. Qf5+ Kg8 45. Qxe5 Qb7+ 46. Kh2 Qf7 47.
a6 h4 48. gxh4 Qf2+ 49. Kh3 Qf1+ 50. Kg3 Qg1+ 51. Kf3 Qf1+ 52. Ke3 Qc1+ 53. Kf2 1-0

[Event "TCh-CHN 2019"]
[Site "China CHN"]
[Date "2019.04.12"]
[Round "4.1"]
[Board "1"]
[White "Liu, Qingnan"]
[Black "Inarkiev, Ernesto"]
[Result "1-0"]
[WhiteTitle "GM"]
[BlackTitle "GM"]
[WhiteElo "2533"]
[BlackElo "2663"]
[WhiteTeam "Shandong Jingzhi team"]
[BlackTeam "Hangzhou Hongda team"]
[WhiteFideId "8603294"]
[BlackFideId "4162722"]
[EventDate "2019.04.09"]

1. e4 c5 2. Nf3 d6 3. d4 cxd4 4. Nxd4 Nf6 5. Nc3 a6 6. Bg5 Nbd7 7. f4 Qb6 8. Qd2
e5 9. Nf5 Qxb2 10. Rb1 Qa3 11. Be2 h6 12. Bh4 exf4 13. O-O g6 14. Rxf4 g5 15.
Rb3 Qa5 16. Nxd6+ Bxd6 17. Qxd6 gxf4 18. Ra3 Qb6+ 19. Qxb6 Nxb6 20. Bxf6 Rg8 21.
Rb3 Nd7 22. Nd5 Rb8 23. Bd4 b5 24. Ba7 Rb7 25. Rc3 Kd8 26. Bf2 Ne5 27. Bh4+ Rg5
28. Rc5 Ng6 29. Bxg5+ hxg5 30. Nb4 Rc7 31. Rd5+ Ke7 32. Rxg5 Bb7 33. Bd3 Rd7 34.
Nd5+ Ke6 35. Kf2 Bxd5 36. exd5+ Kf6 37. Rf5+ Ke7 38. h4 Nxh4 39. Rh5 Ng6 40.
Bxg6 fxg6 41. Rh7+ Kd6 42. Rxd7+ Kxd7 43. Kf3 Kd6 44. Kxf4 Kxd5 45. Kg5 Ke4 46.
Kxg6 Kf4 47. Kf6 Kg3 48. Ke5 Kxg2 49. Kd5 Kf3 50. Kc6 Ke4 51. Kb6 Kd5 52. Kxa6
Kc6 53. a3 Kc5 54. Kb7 Kc4 55. Kb6 b4 56. a4 Kc3 57. Kb5 1-0

[Event "TCh-CHN 2019"]
[Site "China CHN"]
[Date "2019.04.12"]
[Round "4.1"]
[Board "2"]
[White "Zhao, Jun"]
[Black "Lin, Yi"]
[Result "1/2-1/2"]
[WhiteTitle "GM"]
[BlackTitle "IM"]
[WhiteElo "2639"]
[BlackElo "2415"]
[WhiteTeam "Shandong Jingzhi team"]
[BlackTeam "Hangzhou Hongda team"]
[WhiteFideId "8602522"]
[BlackFideId "8609659"]
[EventDate "2019.04.09"]

1. e4 c6 2. d4 d5 3. e5 c5 4. dxc5 e6 5. a3 Bxc5 6. Nf3 Ne7 7. Bd3 Nbc6 8. O-O
Ng6 9. Re1 O-O 10. b4 Bb6 11. Bb2 Nf4 12. Bf1 f6 13. exf6 gxf6 14. g3 Ng6 15.
Nc3 d4 16. Na4 e5 17. c3 dxc3 18. Qb3+ Kh8 19. Rad1 Bd4 20. Bxc3 Bg4 21. Be2 Qc8
22. b5 Bxc3 23. bxc6 Qxc6 24. Rc1 Bxf3 25. Rxc3 Bd5 26. Qd1 Qe6 27. Nc5 Qf7 28.
Rd3 Rad8 29. Bg4 Qg8 30. Nd7 Nf4 31. Rxd5 Qxd5 32. Qxd5 Nxd5 33. Nxf8 Rxf8 34.
Bf3 Nc3 35. Bxb7 Rb8 36. Re3 Ne2+ 37. Rxe2 Rxb7 38. Re4 Kg7 39. Ra4 Kg6 40. Kg2
h5 41. Ra6 Kf5 42. h3 Rc7 43. a4 Rd7 44. Rc6 Rd4 45. Ra6 Rd7 46. Kf3 Rc7 1/2-1/2

[Event "TCh-CHN 2019"]
[Site "China CHN"]
[Date "2019.04.12"]
[Round "4.1"]
[Board "3"]
[White "Wen, Yang"]
[Black "Xiang, Zeyu"]
[Result "1/2-1/2"]
[WhiteTitle "GM"]
[BlackTitle "IM"]
[WhiteElo "2586"]
[BlackElo "2446"]
[WhiteTeam "Shandong Jingzhi team"]
[BlackTeam "Hangzhou Hongda team"]
[WhiteFideId "8602956"]
[BlackFideId "8608547"]
[EventDate "2019.04.09"]

1. e4 e5 2. Nf3 Nc6 3. Bc4 Bc5 4. c3 Nf6 5. d3 d6 6. O-O a6 7. a4 Ba7 8. Nbd2
O-O 9. h3 Ne7 10. Re1 Ng6 11. Bb3 c6 12. Nf1 d5 13. Bg5 dxe4 14. dxe4 h6 15.
Qxd8 Rxd8 16. Bxf6 gxf6 17. Red1 Be6 18. Bxe6 fxe6 19. g3 Kf7 20. Rxd8 Rxd8 21.
N1d2 f5 22. Kf1 Kf6 23. Ke2 Ne7 24. a5 Bb8 25. Nc4 Nc8 26. g4 Ne7 27. Nh4 Kg5
28. Nf3+ Kf6 29. Ne1 Ng6 30. Ng2 Kg5 31. gxf5 exf5 32. Rg1 Kf6 33. exf5 Kxf5 34.
Nge3+ Kf6 35. Kf3 h5 36. Ke4 Nf4 37. h4 Ne6 38. b4 Nf4 39. Rg5 Ne2 40. Rf5+ Ke6
41. Rxh5 Nxc3+ 42. Kf3 e4+ 43. Kg4 Nd5 44. Rg5 Nf6+ 45. Kh3 Bf4 46. Rg7 1/2-1/2

[Event "TCh-CHN 2019"]
[Site "China CHN"]
[Date "2019.04.12"]
[Round "4.1"]
[Board "4"]
[White "Zhao, Shengxin"]
[Black "Yan, Tianqi"]
[Result "1-0"]
[WhiteTitle "WFM"]
[WhiteElo "2093"]
[BlackElo "2240"]
[WhiteTeam "Hangzhou Hongda team"]
[BlackTeam "Shandong Jingzhi team"]
[WhiteFideId "8608040"]
[BlackFideId "8615250"]
[EventDate "2019.04.09"]

1. d4 Nf6 2. c4 e6 3. Nf3 d5 4. Nc3 Bb4 5. Bg5 O-O 6. e3 Nbd7 7. cxd5 exd5 8.
Bd3 c5 9. O-O Bxc3 10. bxc3 c4 11. Bc2 Qa5 12. Ne5 Qxc3 13. Nxd7 Nxd7 14. Qb1
Qa3 15. Bxh7+ Kh8 16. Bc2 Qd6 17. Qd1 f5 18. f4 Nf6 19. Rf3 Kg8 20. Rh3 Kf7 21.
Bxf6 Qxf6 22. Rb1 b6 23. Rh5 Be6 24. g4 fxg4 25. f5 Bd7 26. Qxg4 Rh8 27. Rg5 Rh6
28. Rf1 Kg8 29. Rf3 Re8 30. Rg3 Re7 31. Qf3 Qf7 32. Rg6 Rxg6 33. Rxg6 Re6 34.
Qg3 Rxg6 35. fxg6 Qe6 36. Kf2 b5 37. Qb8+ Be8 38. Ke2 a5 39. Bf5 Qc6 40. Qd8 Kf8
41. Qxa5 Bxg6 42. Bxg6 Qxg6 43. Qd8+ Qe8 44. Qxd5 Qb8 45. Qc5+ Kg8 46. Qd5+ Kf8
47. Qh5 Qb7 48. Qc5+ Kf7 49. d5 Qa6 50. Qc7+ Kf6 51. Qd8+ Ke5 52. Qg5+ Ke4 53.
Qg2+ Ke5 54. Qxg7+ Kf5 55. Qh7+ Kg5 56. Qg7+ Kh4 57. Kf3 Qc8 58. Qh6# 1-0

[Event "TCh-CHN 2019"]
[Site "China CHN"]
[Date "2019.04.12"]
[Round "4.1"]
[Board "5"]
[White "Zhou, Zirun"]
[Black "Ning, Kaiyu"]
[Result "1/2-1/2"]
[BlackTitle "WIM"]
[WhiteElo "2124"]
[BlackElo "2353"]
[WhiteTeam "Hangzhou Hongda team"]
[BlackTeam "Shandong Jingzhi team"]
[WhiteFideId "8610975"]
[BlackFideId "8614750"]
[EventDate "2019.04.09"]

1. d4 d5 2. c4 e6 3. Nf3 Nf6 4. g3 dxc4 5. Bg2 Nc6 6. Qa4 Bb4+ 7. Bd2 Nd5 8. O-O
Nb6 9. Qc2 Be7 10. e3 O-O 11. a4 a5 12. Na3 Bxa3 13. Rxa3 Qe7 14. Ne5 Nxe5 15.
dxe5 Rd8 16. Rc1 h6 17. Be1 Ra7 18. Bf1 Bd7 19. Bxc4 Nxc4 20. Qxc4 Bc6 21. h4
Raa8 22. e4 Rd7 23. Re3 Qd8 24. Qc2 Kh8 25. b3 Ra6 26. Qc5 Qa8 27. Kh2 Kg8 28.
Kg1 Rd8 29. Qe7 Rd7 30. Qc5 Rd8 1/2-1/2

[Event "TCh-CHN 2019"]
[Site "China CHN"]
[Date "2019.04.12"]
[Round "4.2"]
[Board "2"]
[White "Ni, Hua"]
[Black "Wang, Yiye"]
[Result "1-0"]
[WhiteTitle "GM"]
[BlackTitle "IM"]
[WhiteElo "2669"]
[BlackElo "2444"]
[WhiteTeam "China Mobil Shanghai Chess Club"]
[BlackTeam "Beijing team"]
[WhiteFideId "8601160"]
[BlackFideId "8606021"]
[EventDate "2019.04.09"]

1. e4 e6 2. d4 d5 3. Nc3 Nf6 4. e5 Nfd7 5. f4 c5 6. Nf3 Nc6 7. Be3 Qb6 8. Na4
Qa5+ 9. c3 b6 10. Bd2 c4 11. b4 Qa6 12. a3 Be7 13. g3 b5 14. Nc5 Nxc5 15. bxc5
Bd7 16. Bg2 Qa4 17. Qb1 f5 18. exf6 gxf6 19. f5 e5 20. O-O O-O-O 21. Be3 Rde8
22. Re1 e4 23. Nh4 Bd8 24. Bh3 Bc7 25. Rf1 Rhg8 26. Qc1 Qa5 27. Ng2 Nd8 28. Bf4
Bc6 29. Ne3 Bxf4 30. Rxf4 Qc7 31. Kh1 Nf7 32. Bg4 Ng5 33. Qd2 Re7 34. Raf1 Qd8
35. Bd1 Qd7 36. Rh4 Qd8 37. Qf2 Qa5 38. Qb2 Qd8 39. Qc1 Rf7 40. Ng4 Rfg7 41. Rh6
Rf8 42. Qf4 Be8 43. Qd6 Qxd6 44. cxd6 Rgf7 45. h4 Nf3 46. Bxf3 exf3 47. Rxf3 Bd7
48. Ne3 Kb7 49. g4 Kc6 50. g5 fxg5 51. Ng4 Rxf5 52. Ne5+ Rxe5 53. Rxf8 Re1+ 54.
Kg2 gxh4 55. Rxh4 Re2+ 56. Rf2 Rxf2+ 57. Kxf2 Bf5 58. Rf4 Bg6 59. Rf6 a5 60. Ke3
Kd7 61. Kf4 b4 62. cxb4 c3 63. Ke3 axb4 64. axb4 c2 65. Kd2 Bd3 66. b5 Bxb5 67.
Kxc2 h5 68. Kd2 Ba4 69. Ke3 h4 70. Rh6 1-0

[Event "TCh-CHN 2019"]
[Site "China CHN"]
[Date "2019.04.12"]
[Round "4.2"]
[Board "3"]
[White "Xu, Yi"]
[Black "Yuan, Qingyu"]
[Result "1-0"]
[WhiteTitle "GM"]
[WhiteElo "2542"]
[BlackElo "2372"]
[WhiteTeam "China Mobil Shanghai Chess Club"]
[BlackTeam "Beijing team"]
[WhiteFideId "8605564"]
[BlackFideId "8609772"]
[EventDate "2019.04.09"]

1. e4 e5 2. Nf3 Nc6 3. Bc4 Bc5 4. O-O Nf6 5. d3 d6 6. c3 a6 7. Nbd2 O-O 8. Bb3
Ba7 9. h3 Ne7 10. Re1 Ng6 11. Nf1 c6 12. Ng3 d5 13. Bg5 h6 14. Bxf6 Qxf6 15.
exd5 cxd5 16. Bxd5 Nf4 17. Rxe5 Ng6 18. Rh5 Nf4 19. Re5 Ng6 20. d4 Nxe5 21. Nxe5
Bb8 22. Qe2 Bxe5 23. dxe5 Qe7 24. Qe4 Be6 25. Bxb7 Rab8 26. Bxa6 Rxb2 27. Bd3 g6
28. Qe3 Rxa2 29. Rf1 Bd5 30. c4 Ba8 31. Re1 Ra3 32. e6 Qxe6 33. Qxe6 fxe6 34.
Bxg6 Ra2 35. Be4 Bxe4 36. Nxe4 Rfa8 37. Kh2 Ra1 38. Rxa1 Rxa1 39. Kg3 Rg1 40. c5
Kf7 41. Kf3 Kg6 42. Kf4 Rxg2 43. c6 Rg1 44. Ke5 Rc1 45. Kd6 Kf5 46. Nc5 Rd1+ 47.
Ke7 Rc1 48. Nxe6 Ke4 49. c7 Kf3 50. Kd6 Rxc7 51. Kxc7 Kxf2 52. h4 h5 53. Nf8 Kg3
54. Ng6 Kg4 55. Kd6 Kf5 56. Ne5 Kf6 57. Nc4 Kf5 58. Ne3+ Kf4 59. Ng2+ Kg3 60.
Ke5 Kxg2 61. Kf4 Kh3 62. Kg5 Kg3 63. Kxh5 1-0

[Event "TCh-CHN 2019"]
[Site "China CHN"]
[Date "2019.04.12"]
[Round "4.2"]
[Board "4"]
[White "Song, Yuxin"]
[Black "Ju, Wenjun"]
[Result "0-1"]
[WhiteTitle "WIM"]
[BlackTitle "GM"]
[WhiteElo "2299"]
[BlackElo "2580"]
[WhiteTeam "Beijing team"]
[BlackTeam "China Mobil Shanghai Chess Club"]
[WhiteFideId "8614300"]
[BlackFideId "8603006"]
[EventDate "2019.04.09"]

1. e4 c5 2. Nf3 e6 3. d4 cxd4 4. Nxd4 Nf6 5. Nc3 d6 6. Be2 Be7 7. Be3 a6 8. f4
Qc7 9. O-O O-O 10. Qe1 b5 11. a3 Bb7 12. Bf3 Nbd7 13. Nb3 Rac8 14. Qg3 Nb6 15.
e5 Nfd5 16. Bd4 f6 17. Qg4 Kh8 18. Rae1 dxe5 19. fxe5 f5 20. Qh3 Nxc3 21. Bxb7
Qxb7 22. Bxc3 Nd5 23. Rf3 Rc4 24. Kh1 Rh4 25. Qg3 Rg4 26. Qf2 Nxc3 27. bxc3 Bxa3
28. Ra1 Be7 29. h3 Re4 30. Nc5 Bxc5 31. Qxc5 Qc8 32. Qxc8 Rxc8 33. Rxa6 Rxe5 34.
Rb6 g6 35. Rb7 Rec5 36. Re7 Rxc3 37. Rxc3 Rxc3 38. Rxe6 Rxc2 39. Rb6 Rb2 40. Rb7
Kg8 41. Kh2 f4 42. Kg1 b4 43. Kh1 b3 44. Rb4 Rb1+ 45. Kh2 b2 46. h4 Kg7 47. Rb6
Kf7 48. Rb4 Ke6 49. Rb5 Kf6 50. Rb6+ Kf5 51. Rb5+ Kg4 52. Rb7 h6 53. Rb4 h5 54.
Rb5 Kxh4 55. Rb6 Kg5 56. Rb5+ Kh6 57. Rb6 h4 58. Rb5 h3 59. gxh3 f3 0-1

[Event "TCh-CHN 2019"]
[Site "China CHN"]
[Date "2019.04.12"]
[Round "4.2"]
[Board "5"]
[White "Wang, Yu A."]
[Black "Ni, Shiqun"]
[Result "1/2-1/2"]
[WhiteTitle "IM"]
[BlackTitle "WGM"]
[WhiteElo "2293"]
[BlackElo "2389"]
[WhiteTeam "Beijing team"]
[BlackTeam "China Mobil Shanghai Chess Club"]
[WhiteFideId "8601097"]
[BlackFideId "8608466"]
[EventDate "2019.04.09"]

1. e4 c6 2. d4 d5 3. Nc3 dxe4 4. Nxe4 Nf6 5. Nxf6+ exf6 6. Bc4 Bd6 7. Qe2+ Qe7
8. Qxe7+ Kxe7 9. Ne2 Be6 10. Bxe6 fxe6 11. Bf4 Nd7 12. O-O-O Rad8 13. Rhe1 Nb6
14. Bxd6+ Rxd6 15. Ng3 Kf7 16. Ne4 Rd7 17. c3 h5 18. h4 Nc4 19. Kc2 Nd6 20.
Nxd6+ Rxd6 21. Rd2 Rhd8 22. Rde2 Rc8 23. Rd2 Rcd8 24. Rde2 Rc8 25. Rd2 Rcd8 26.
Rde2 Rc8 27. Rd2 1/2-1/2